000 00272nam a2200109 a 4500
008 111128s2008|||| d
100 1 _aBara,A.- Jaskowiec, J.
245 1 0 _aPiekna ziemia Gorlicka
260 _bNova Sandec
_aGorlice
_c2008
020 _c100
044 _axo
_cSK
999 _c18342
_d18342